[Event "Mitropa Cup"]
[Site "Zemplinska Sirava SVK"]
[Date "2004.05.30"]
[Round "2"]
[White "Guidarelli,L"]
[Black "Braun,A"]
[Result "0-1"]
[WhiteElo "2444"]
[BlackElo "2455"]

1.Nf3 d5 2.c4 c6 3.e3 Nf6 4.Qc2 g6 5.b3 Bg7 6.Bb2 O-O 7.Be2 b6 8.O-O Bb7
9.d3 Nbd7 10.Nbd2 Re8 11.Ne5 c5 12.f4 e6 13.Bf3 Nxe5 14.fxe5 Nd7 15.d4 Rc8
16.Rae1 b5 17.Qb1 cxd4 18.exd4 Bh6 19.cxd5 Bxd2 20.dxe6 Bxf3 21.exf7+ Kxf7
22.Rxf3+ Kg8 23.Re2 Bh6 24.Qe4 Nb6 25.h4 Qd5 26.Qg4 Qe6 27.Qxe6+ Rxe6 28.g4 Bc1
29.Bxc1 Rxc1+ 30.Kg2 Nd5 31.Ref2 Re8 32.Kh3 Rh1+ 33.Kg3 Rd1 34.h5 g5 35.Rf7 Rd3+
36.Kh2 Nf4 37.Rxa7 Rc8  0-1

[Event "Mitropa Cup"]
[Site "Zemplinska Sirava SVK"]
[Date "2004.05.31"]
[Round "3"]
[White "Nemet,I"]
[Black "Jirka,J"]
[Result "0-1"]
[WhiteElo "2361"]
[BlackElo "2408"]

1.Nf3 d5 2.c4 d4 3.g3 c5 4.b4 f6 5.Bg2 e5 6.d3 cxb4 7.a3 Na6 8.O-O Ne7 9.e3 Nc6
10.exd4 exd4 11.Nh4 g6 12.Re1+ Kf7 13.Nd2 Nc5 14.Ne4 bxa3 15.Nxc5 Bxc5 16.Bd5+ Kg7
17.Bxa3 Bxa3 18.Rxa3 Re8 19.Rxe8 Qxe8 20.Ra2 Bh3 21.Re2 Qd7 22.Qe1 Kf8 23.Qc1 g5
24.Nf3 Re8 25.Rb2 Qe7 26.Rb1 h6 27.Qb2 Ne5 28.Nxe5 Qxe5 29.Qb4+ Qe7 30.Qxe7+ Rxe7
31.Bxb7 Bf5 32.Bd5 Rc7 33.Rb3 a5 34.Kf1 a4 35.Ra3 Bd7 36.Ke2 Ke7 37.Kd2 Ra7
38.Kc2 Kd6 39.Ra1 Kc5 40.Kb2 Kb4 41.Rc1 a3+ 42.Ka2 Bf5 43.Rb1+ Kc3 44.Rb3+ Kc2
45.c5 Ra5 46.g4 Bxd3 47.Rb4 Rxc5 48.Rxd4 Rxd5  0-1

[Event "3rd ACP Blitz Octofinal"]
[Site "playchess.com INT"]
[Date "2004.06.05"]
[Round "1"]
[White "Nielsen,PH"]
[Black "Vaisser,A"]
[Result "1-0"]
[WhiteElo "2628"]
[BlackElo "2573"]

1.Nf3 d5 2.c4 e6 3.d4 c6 4.Nc3 f5 5.Bf4 Nf6 6.e3 Bd6 7.Qc2 O-O 8.a3 Ne4 9.Bd3 Bxf4
10.exf4 Nd7 11.O-O Ndf6 12.Ne5 dxc4 13.Bxe4 fxe4 14.Nxe4 Qxd4 15.Rfe1 b5
16.Rad1 Qb6 17.Ng5 a5 18.Ng4 g6 19.Nxf6+ Rxf6 20.g3 Qc7 21.Qc3 Qe7 22.Rd6 h6
23.Ne4 Rf8 24.Red1 Ra7 25.h4 Rd7 26.Qxa5 Rxd6 27.Rxd6 e5 28.Rxg6+ Kh7 29.Rxc6 exf4
30.Rc7 Bd7 31.Qd2  1-0

[Event "TCh-BIH"]
[Site "Neum BIH"]
[Date "2004.06.06"]
[Round "9"]
[White "Bistric,F"]
[Black "Golubovic,B"]
[Result "1/2-1/2"]
[WhiteElo "2488"]
[BlackElo "2424"]

1.Nf3 d5 2.c4 e6 3.b3 Nf6 4.Bb2 Be7 5.g3 O-O 6.Bg2 c5 7.O-O Nc6 8.e3 b6 9.Nc3 Bb7
10.cxd5 exd5 11.d4 Ne4 12.Rc1  1/2-1/2

[Event "Summer IV"]
[Site "Alushta UKR"]
[Date "2004.06.19"]
[Round "4"]
[White "Shtyrenkov,V"]
[Black "Kargin,A"]
[Result "1/2-1/2"]
[WhiteElo "2449"]
[BlackElo "2383"]

1.Nf3 d5 2.c4 c6 3.e3 Nf6 4.Nc3 a6 5.b3 Bg4 6.h3 Bxf3 7.Qxf3 e6 8.Bb2 Nbd7
9.Qd1 Bd6 10.d4 O-O 11.Be2 Qe7 12.Qc2 Ba3 13.Bxa3 Qxa3 14.O-O Rac8  1/2-1/2

[Event "Masters"]
[Site "Grenoble FRA"]
[Date "2004.06.19"]
[Round "1"]
[White "Aguettaz,M"]
[Black "Foisor,C"]
[Result "1/2-1/2"]
[WhiteElo "2349"]
[BlackElo "2422"]

1.Nf3 d5 2.c4 c6 3.g3 g6 4.Bg2 Bg7 5.cxd5 cxd5 6.d4 Nc6 7.Nc3 e6 8.O-O Nge7
9.Rb1 O-O 10.b4 Nf5 11.e3 Bd7 12.a4 Rc8 13.Qd3 Nd6 14.Nd2 Ne7 15.Ba3 b5 16.Nb3 Nc4
17.Bc1 e5 18.Nc5 Bf5 19.e4 dxe4 20.Bxe4 exd4 21.Bxf5 Nxf5 22.Nxb5 Ne5 23.Qe4 Re8
24.Qg2 Qb6 25.Bf4 Re7 26.Rfe1 Rce8 27.Bxe5 Bxe5 28.Na3 a5 29.Nc4 Qc7 30.Rbc1 Bg7
31.Rxe7 Qxe7 32.Qf3 Bh6 33.Rb1 Rd8 34.Nxa5 Qc7 35.Nc6 Rc8 36.b5 Ne7 37.Na6 Qd7
38.Nab8 Qd6 39.Nxe7+ Qxe7 40.Nc6 Qc5 41.Re1 Bf8 42.Qb3 Rc7 43.Re4  1/2-1/2

[Event "8th Open"]
[Site "Voronezh RUS"]
[Date "2004.06.19"]
[Round "8"]
[White "Lysyj,I"]
[Black "Kachar,V"]
[Result "1-0"]
[WhiteElo "2469"]
[BlackElo "2393"]

1.Nf3 d5 2.c4 e6 3.g3 c5 4.Bg2 Nc6 5.O-O Nf6 6.d4 Be7 7.dxc5 Bxc5 8.a3 dxc4
9.Qa4 O-O 10.Qxc4 Be7 11.Nc3 e5 12.Rd1 Be6 13.Qb5 Qc7 14.Be3 Rad8 15.Ng5 Bd7
16.Qd3 g6 17.Qc4 Qb8 18.Nd5 Nxd5 19.Bxd5 Na5 20.Qh4 h5 21.b4 Nc6 22.Qc4 Be8
23.Ne4 Rc8 24.Rac1 a6 25.Bh6 Na7 26.Qd3 Rd8 27.Nf6+ Kh8 28.Bxf8 Bxf6 29.Qe3 Rxd5
30.Rxd5 Nc6 31.Bd6  1-0

[Event "Masters"]
[Site "Grenoble FRA"]
[Date "2004.06.21"]
[Round "4"]
[White "Bardel,S"]
[Black "Foisor,C"]
[Result "1-0"]
[WhiteElo "2278"]
[BlackElo "2422"]

1.Nf3 d5 2.c4 d4 3.g3 c5 4.d3 Nc6 5.Bg2 e5 6.O-O Bd6 7.e3 Nge7 8.Nbd2 O-O
9.Ne4 Bg4 10.h3 Bh5 11.g4 Bg6 12.Nxd6 Qxd6 13.e4 f6 14.Nh4 Nd8 15.f4 exf4
16.Bxf4 Qb6 17.Nf5 Nec6 18.b4 Bxf5 19.exf5 Nxb4 20.a3 Nbc6 21.Rb1 Qa5 22.Bd5+ Kh8
23.Qe1 Qxe1 24.Rfxe1 Nf7 25.Bxc6 bxc6 26.Rb7 Kg8 27.Ree7 Rae8 28.Red7 Rd8
29.Rxd8 Rxd8 30.Rxa7 Re8 31.Rc7 Ne5 32.Bxe5 Rxe5 33.a4 Re1+ 34.Kf2 Ra1 35.Rxc6 Rxa4
36.Kf3 Ra5 37.Ke4 Kf7 38.Kd5 Ra3 39.Rc7+ Kf8 40.Ke6 Ra6+ 41.Kd7 Ra5 42.Kd6 Ra3
43.Rxc5 Rxd3 44.Rd5 Ke8 45.c5 Kd8 46.c6 Ra3 47.Rxd4 Rxh3 48.Ke6+ Kc7 49.Rd7+ Kxc6
50.Rxg7 h5 51.gxh5 Rxh5 52.Rg1 Kc5 53.Rd1 Rh6 54.Rd2 Kc4 55.Rd8 Kc5 56.Rd3 Kc4
57.Rd1 Kc5 58.Ke7 Kc4 59.Rd2 Kc5 60.Rd8 Kc4 61.Rd6 Kc5 62.Rd1 Kc4 63.Kf7 Kc5
64.Rd2 Kc6 65.Rd3 Kc5 66.Rd8 Kc6 67.Rd1 Kc5 68.Kg7 Rh2 69.Kxf6 Rg2 70.Kf7 Kc6
71.f6 Kc7 72.Kf8 Rf2 73.f7 Rg2 74.Rd4 Kc6 75.Ke7 Re2+ 76.Kf6 Rf2+ 77.Ke6 Kc7
78.Rd5  1-0

[Event "XVIII Open"]
[Site "Pula CRO"]
[Date "2004.06.21"]
[Round "2"]
[White "Mandekic,I"]
[Black "Saric,Ib"]
[Result "0-1"]
[WhiteElo "2232"]
[BlackElo "2413"]

1.Nf3 d5 2.c4 e6 3.g3 g6 4.Bg2 Bg7 5.O-O Ne7 6.Qb3 O-O 7.cxd5 exd5 8.d3 Re8
9.Bf4 Na6 10.Nc3 Nc5 11.Qc2 Ne6 12.Bd2 d4 13.Ne4 h6 14.Bb4 Nd5 15.Ba3 b6
16.b4 Bb7 17.Rfe1 Qd7 18.Rab1 f5 19.Ned2 Rac8 20.Nc4 Nf8 21.Bb2 c5 22.bxc5 bxc5
23.Bc1 Ba8 24.Bd2 Kh7 25.Qb2 Re6 26.Qa3 Qe7 27.e3 dxe3 28.Nxe3 Nb6 29.Nc4 Nxc4
30.dxc4 Be4 31.Bc3 Bxb1 32.Rxb1 Bxc3 33.Qxc3 Rc7 34.h4 Qg7 35.Qa5 Ree7 36.Rd1 Ne6
37.Rd5 Red7 38.h5 g5 39.Rxf5 Rf7 40.Rxf7 Rxf7 41.Qa6 Qf6 42.Qc6 Kg7 43.Kh2 Qf5
44.Nd2 Nd4 45.Qd6 g4 46.Ne4 Qxh5+ 47.Kg1 Qf5 48.Kh2 Ne2 49.Qxc5 Qxc5 50.Nxc5 Rxf2
51.Ne4 Rf7 52.c5 Rc7 53.Bf1 Nd4 54.Bc4 Re7 55.Bd5 Nf3+ 56.Kg2 Nd2 57.Nd6 Re2+
58.Kg1 Re1+ 59.Kg2 Rc1 60.c6 Kg6 61.Ne8 Nc4 62.Be4+ Kg5 63.c7 Nb6 64.a4 a5
65.Bb7 h5 66.Ng7 Kf6 67.Nxh5+ Ke5 68.Nf4 Rxc7  0-1

[Event "TCh-CRO"]
[Site "Rabac CRO"]
[Date "2004.06.22"]
[Round "2"]
[White "Rezan,S"]
[Black "Fercec,N"]
[Result "1/2-1/2"]
[WhiteElo "2413"]
[BlackElo "2460"]

1.Nf3 d5 2.c4 d4 3.g3 Nc6 4.Bg2 e5 5.d3 f6 6.Na3 Bg4 7.Nc2 Qd7 8.O-O O-O-O
9.b4 Bh3 10.b5 Nb8 11.Bxh3 Qxh3 12.e3 dxe3 13.Bxe3 e4 14.Nfd4 Nh6 15.Bxh6 gxh6
16.Qe2 exd3 17.Qxd3 Bc5 18.Qf5+ Qxf5 19.Nxf5 Rd2 20.Nce3 h5 21.Ng7 h4 22.Rfd1 Bxe3
23.fxe3 Rhd8 24.Rxd2 Rxd2 25.Rf1 hxg3 26.hxg3 Nd7 27.Nh5 Rxa2 28.Nxf6 Nxf6
29.Rxf6 Re2 30.Rf8+ Kd7 31.Ra8 Rxe3 32.Rxa7 Rxg3+ 33.Kf2 Rc3 34.Rxb7 Kc8
35.Ra7 Rxc4 36.Ke3 Rb4 37.Ra5 Kb7 38.Kd3 Rh4 39.Ra6 Rh1 40.Kc4 Rh4+ 41.Kc5 Rh1
42.Rf6 Rh5+ 43.Kc4 Kc8 44.b6 cxb6  1/2-1/2

[Event "XVIII Open"]
[Site "Pula CRO"]
[Date "2004.06.23"]
[Round "6"]
[White "Loncar,R"]
[Black "Medic,Mir"]
[Result "0-1"]
[WhiteElo "2370"]
[BlackElo "2244"]

1.Nf3 d5 2.c4 c6 3.e3 e6 4.d4 f5 5.h3 Nf6 6.Bd3 Bd6 7.Qc2 O-O 8.cxd5 cxd5
9.Nc3 Nc6 10.a3 Bd7 11.g4 Ne7 12.gxf5 exf5 13.Qb3 Bc6 14.Bd2 Kh8 15.Ng5 Qd7
16.f4 Ne4 17.Ngxe4 fxe4 18.Be2 Nf5 19.Bg4 Qe7 20.O-O-O a5 21.a4 Bb4 22.Bxf5 Rxf5
23.Nb5 Qd7 24.Bxb4 Bxb5 25.axb5 Qxb5 26.Qa3 Qxb4 27.Qxb4 axb4 28.Kc2 g5 29.fxg5 Rxg5
30.Rhg1 Rf5 31.Rdf1 Raf8 32.Rxf5 Rxf5 33.Kb3 Rf3 34.Re1 Rxh3 35.Kxb4 b6 36.Kb5 Rh6
37.b4 Rf6 38.Rh1 Kg7 39.Ka6 Kg6 40.Rg1+ Kf7 41.b5 h5 42.Rg5 Rh6 43.Rxd5 h4
44.Rf5+ Ke6 45.Rf1 Kd5 46.Rh1 h3 47.Kb7 h2 48.Kc7 Kc4 49.Kd7 Kxb5 50.Ke7 Kc4
51.Kf7 b5 52.Kg7 Rh3 53.Kf6 b4 54.Ke5 Kd3 55.d5 Rh5+ 56.Ke6 Rh6+ 57.Ke5 b3
58.d6 Rh7 59.Ke6 b2 60.d7 Rxd7 61.Kxd7 Kxe3 62.Kd6 Kf3 63.Rb1 e3 64.Kc5 e2
65.Kc4 Kf2 66.Rh1 e1=Q 67.Rxh2+ Ke3 68.Rxb2 Ke4 69.Kb3 Kd5 70.Ka2 Kc4 71.Rc2+ Kb4
72.Rb2+ Ka4 73.Rc2 Qf1 74.Kb2 Qf6+ 75.Ka2 Qe6+ 76.Kb2 Qb3+ 77.Kc1 Qe3+ 78.Kd1 Qg1+
79.Kd2 Qd4+ 80.Ke2 Qe4+ 81.Kd2 Kb3 82.Rc3+ Kb2 83.Rg3 Qc2+ 84.Ke3 Kc3 85.Rf3 Qd2+
86.Ke4+ Kc4 87.Rf4 Qg2+ 88.Ke5+ Kd3 89.Rf5 Qg7+ 90.Kf4 Kd4 91.Kf3 Qg1 92.Rf4+ Kd3
93.Rh4 Qf1+ 94.Kg4 Ke4 95.Kg5+ Ke5 96.Rg4 Qh3 97.Ra4 Qf5+ 98.Kh4 Qf2+ 99.Kg5 Qd2+
100.Kh4 Kf5 101.Kh3 Qc3+ 102.Kh4 Qh8+ 103.Kg3 Qg8+ 104.Kh4 Qh7+  0-1

[Event "5th Kurass Mem"]
[Site "Kyiv UKR"]
[Date "2004.06.26"]
[Round "9"]
[White "Kruglyakov,P"]
[Black "Golichenko,I"]
[Result "1/2-1/2"]
[WhiteElo "2191"]
[BlackElo "2240"]

1.Nf3 d5 2.c4 e6 3.cxd5 exd5 4.g3 c5 5.Bg2 Nc6 6.O-O Be6 7.d4 c4 8.Nc3 Bb4
9.Ng5 Nge7 10.Nxe6 fxe6 11.Bg5 O-O 12.a3 Bxc3 13.bxc3 Qa5 14.Bxe7  1/2-1/2

[Event "XVIII Open"]
[Site "Pula CRO"]
[Date "2004.06.26"]
[Round "9"]
[White "Sebenik,M"]
[Black "Jovanic,O"]
[Result "0-1"]
[WhiteElo "2440"]
[BlackElo "2435"]

1.Nf3 d5 2.c4 d4 3.b4 g6 4.Bb2 Bg7 5.e3 e5 6.exd4 exd4 7.d3 Ne7 8.Be2 O-O
9.O-O a5 10.b5 Re8 11.Na3 c5 12.bxc6 Nexc6 13.Nb5 Na6 14.Re1 Nc5 15.Bf1 Rxe1
16.Nxe1 Bf5 17.Ba3 Bf8 18.Nc2 Qd7 19.Qd2 b6 20.Re1 h5 21.Be2 Rc8 22.Bxc5 Bxc5
23.a3 Re8 24.Bf1 Rxe1 25.Qxe1 Na7 26.Nxa7 Qxa7 27.Qe8+ Kh7 28.Be2 Qd7 29.Qxd7 Bxd7
30.Kf1 Kg7 31.Ke1 Kf6 32.Bf3 Ke5 33.g3 f6 34.Kd2 Be8 35.Bb7 Kf5 36.Bc8+ Kg5
37.f4+ Kh6 38.Ba6 Ba4 39.Bb5 Bxc2 40.Kxc2 Bxa3 41.Kd2 h4 42.Bc6 Bd6 43.Ke2 f5
44.Bb5 Ba3 45.Kf3 Bc1 46.Ba4 Be3 47.Bc6 Kg7 48.gxh4 Kh6 49.Be8 Bd2 50.Kg3 Be1+
51.Kh3 Kh5 52.Ba4 Kh6 53.Bd1 Kg7 54.h5 gxh5 55.Bxh5 a4 56.Bd1 a3 57.Bb3 Kf6
58.Kg2 Ke7 59.c5 b5 60.Kf3 Kd7 61.Bd5 Bh4 62.Ke2 Be7 63.h3 Bxc5 64.h4 Bd6
65.Kf3 Bf8 66.h5 Bh6 67.Bg8 Kd6 68.Bf7 Kc5 69.Ke2 Bxf4 70.Kd1 Bh6 71.Ba2 f4
72.Kc2 f3 73.Be6 f2 74.Bh3 b4 75.Kb3 Kd6  0-1

[Event "3rd Open"]
[Site "La Fere FRA"]
[Date "2004.07.03"]
[Round "1"]
[White "Moulin,Se"]
[Black "Colin,V"]
[Result "0-1"]
[WhiteElo "1932"]
[BlackElo "2389"]

1.Nf3 d5 2.c4 e6 3.g3 Nf6 4.Bg2 dxc4 5.Qa4+ Nbd7 6.Qxc4 c5 7.d3 a6 8.Nc3 b5
9.Qh4 Bb7 10.Bg5 Be7 11.O-O h6 12.Qh3 Rc8 13.Rfd1 O-O 14.Be3 Nd5 15.Nxd5 Bxd5
16.Nd2 Bf6 17.Bxd5 exd5 18.Rab1 Re8 19.b4 d4 20.Bf4 cxb4 21.Ne4 Be7 22.Qg4 Rc6
23.Rdc1 Rg6 24.Qf5 Nb6 25.Rc7 Qd5 26.Qe5 Qxe5 27.Bxe5 Bd8 28.Rc5 Nd7 29.Bxd4 Nxc5
30.Bxc5 a5 31.e3 Rc6 32.Bd4 Be7 33.Kf1 Rc2 34.Rb2 Rec8  0-1

[Event "Open A"]
[Site "Klatovy CZE"]
[Date "2004.07.05"]
[Round "3"]
[White "Beran,B"]
[Black "Kracik,D"]
[Result "1-0"]
[WhiteElo "2158"]
[BlackElo "2050"]

1.Nf3 d5 2.c4 e6 3.b3 Nf6 4.Bb2 c5 5.e3 Nc6 6.g3 Be7 7.Bg2 O-O 8.O-O Qb6
9.cxd5 exd5 10.d4 c4 11.Nc3 cxb3 12.axb3 h6 13.Ne5 Be6 14.f4 Ne4 15.Na4 Qb5
16.f5 Bc8 17.Bxe4 dxe4 18.Nc3 Qb6 19.Nd5 Qd8 20.Nxc6 bxc6 21.Nxe7+ Qxe7 22.Ba3 Qg5
23.Bxf8 Qxe3+ 24.Kg2 Kxf8 25.d5 Qc5 26.dxc6 Bxf5 27.Rc1 Qe5 28.c7 Ke8 29.Qc2 Rc8
30.Rfe1 h5 31.Qc6+ Bd7 32.Qxe4 Qxe4+ 33.Rxe4+ Be6 34.b4 a6 35.Rd4 g6 36.Kf3 Ke7
37.Kf4 Rg8 38.Ke5 Rc8 39.Rd2 Ra8 40.Kf4 Rc8 41.Rc5 Bh3 42.Rd1 Bf5 43.Rdc1 Be6
44.Ke5 Bg4 45.Kd5 Kd7 46.Kd4 Be2 47.Rd5+  1-0

[Event "TCh-GRE"]
[Site "Aghia Pelagia GRE"]
[Date "2004.07.06"]
[Round "3"]
[White "Zysk,R"]
[Black "Tsarouhas,K"]
[Result "1/2-1/2"]
[WhiteElo "2462"]
[BlackElo "2280"]

1.Nf3 d5 2.c4 e6 3.g3 Nf6 4.Bg2 Be7 5.O-O O-O 6.b3 c5 7.Bb2 Nc6 8.cxd5 Nxd5
9.Na3 b6 10.Nc4 Bb7 11.Rc1 Rc8 12.a3 Ba8 13.Qc2 Nc7 14.Rfd1 Bf6 15.e3 b5
16.Bxf6 gxf6 17.Nb2 Na6 18.Nd3 Qd6 19.Nde1 Ne7 20.Qb2 f5 21.d4 c4 22.bxc4 Rxc4
23.Ra1 Rb8 24.Ne5 Bxg2 25.Nxg2 Rcc8 26.Nf4 Nd5 27.Ned3 Rc4 28.Nxd5 Qxd5 29.Nf4 Qe4
30.d5 e5 31.Nh5 Rc2 32.Nf6+ Kg7 33.Nxe4 Rxb2 34.Nd6 Kf6 35.Rac1 Rd8 36.Nc8 Nb8
37.Nxa7 Rb3 38.Nc6 Nxc6 39.Rxc6+ Ke7 40.Rh6 Rxa3 41.d6+ Kd7 42.Rf6 Rf8 43.Rc1 Ra7
44.Rc5 Rb7 45.Rxe5 Kc6 46.Re7 Rd7 47.Rxd7 Kxd7 48.Rxf5 Rb8 49.Rd5 b4 50.Rd1 b3
51.Kf1 b2 52.Rb1 Kxd6 53.Ke2 Kd5 54.Kd3 h5 55.e4+ Kc5 56.Kc3 h4 57.Rxb2 Rxb2
58.Kxb2 hxg3 59.fxg3 Kd4 60.Kc2 Kxe4 61.Kd2 Kf3 62.h4 Kg4 63.Kd3 f5 64.Ke2 f4
65.gxf4 Kxf4  1/2-1/2

[Event "TCh-GRE"]
[Site "Aghia Pelagia GRE"]
[Date "2004.07.07"]
[Round "4"]
[White "Nikolaou,G"]
[Black "Mihailidis,A"]
[Result "0-1"]
[WhiteElo "2244"]
[BlackElo "2264"]

1.Nf3 d5 2.c4 e6 3.b3 dxc4 4.bxc4 e5 5.Nc3 Bd6 6.g3 Nf6 7.Bg2 h6 8.Qc2 O-O
9.O-O Re8 10.Bb2 Na6 11.Rad1 Qe7 12.h3 e4 13.Nd4 Be5 14.Na4 Bd7 15.c5 b5
16.cxb6 c5 17.b7 Rab8 18.Qc4 Bxd4 19.Bxd4 cxd4 20.Qxa6 Qb4 21.Rb1 Qxa4 22.Qxa4 Bxa4
23.Rfc1 a6 24.Rb6 Bb5 25.d3 Nd5 26.Rd6 Nc3 27.Rc2 Rxb7 28.Rxd4 exd3 29.exd3 Rc7
30.Kh2 Re2 31.Be4 g6 32.Rxe2 Nxe2 33.Rb4 Nc3  0-1

[Event "3rd Open"]
[Site "La Fere FRA"]
[Date "2004.07.07"]
[Round "7"]
[White "Bogza,A"]
[Black "Benitah,Y"]
[Result "1/2-1/2"]
[WhiteElo "2291"]
[BlackElo "2408"]

1.Nf3 d5 2.c4 c6 3.e3 Nf6 4.b3 Bg4 5.Be2 e6 6.Bb2 Nbd7 7.O-O Bd6 8.Nc3 O-O
9.d4 h6 10.Qc2 a6 11.h3 Bh5 12.e4 dxe4 13.Nxe4 Nxe4 14.Qxe4 Qc7 15.Rad1 Rad8
16.Bd3 Bg6  1/2-1/2

[Event "ch-CRC"]
[Site "Casa Espana CRC"]
[Date "2004.07.08"]
[Round "2"]
[White "Valdes,Le"]
[Black "Arias Santana,M"]
[Result "1-0"]
[WhiteElo "2370"]
[BlackElo "2207"]

1.Nf3 d5 2.c4 d4 3.g3 g6 4.b4 Bg7 5.d3 e5 6.Bg2 Ne7 7.a4 c5 8.bxc5 a5 9.Ba3 Nec6
10.Nbd2 O-O 11.Rb1 f5 12.O-O Re8 13.Ne1 Na6 14.Nc2 Bf8 15.Nb3 Be6 16.Qd2 e4
17.Rfd1 Qf6 18.dxe4 Rad8 19.Nxa5 Nxa5 20.Qxa5 Bxc4 21.Rb6 Qh8 22.Bb2 Bxe2
23.Rxd4 Bg7 24.Rxd8 Rxd8 25.Rd6 Rxd6 26.cxd6 Bxb2 27.d7 Bf6 28.e5  1-0

[Event "15th Open"]
[Site "Ljubjana SLO"]
[Date "2004.07.10"]
[Round "1"]
[White "Dizdarevic,E"]
[Black "Banic,S"]
[Result "1-0"]
[WhiteElo "2520"]
[BlackElo "1994"]

1.Nf3 d5 2.c4 Nf6 3.cxd5 Qxd5 4.Nc3 Qa5 5.d4 e6 6.Bd2 Bb4 7.e4 c6 8.Bd3 h6
9.O-O O-O 10.a3 Be7 11.Nd5 Qd8 12.Nxe7+ Qxe7 13.Bb4 Qd8 14.Bxf8 Kxf8 15.Qd2 b6
16.Rac1 Bb7 17.Rfd1 Nbd7 18.Qf4 Rc8 19.Nd2 Qe7 20.Nc4 Ba8 21.b4 Re8 22.Qc7 Nb8
23.Qg3 Nbd7 24.e5 Nd5 25.Be4 Qg5 26.Nd6 Qxg3 27.hxg3 Rd8 28.Bxd5 exd5 29.f4 Ke7
30.g4 Nf8 31.Nf5+ Kd7 32.Nxg7 Ne6 33.Nh5 Rh8 34.g3 Ke7 35.Nf6 Nc7 36.Kf2 Ne8
37.Nxe8 Kxe8 38.Rh1 Ke7 39.g5 h5 40.f5 Kd7 41.Ke3 c5 42.bxc5 bxc5 43.Rxc5 Bc6
44.Rhc1 Rc8 45.Rxc6 Rxc6 46.Rxc6 Kxc6 47.g6  1-0

[Event "Glassy Stream Open"]
[Site "Kharkov UKR"]
[Date "2004.07.12"]
[Round "5"]
[White "Zubarev,Al1"]
[Black "Ermolaev,A"]
[Result "1-0"]
[WhiteElo "2473"]
[BlackElo "2315"]

1.Nf3 d5 2.c4 c6 3.e3 Nf6 4.Nc3 e6 5.b3 Nbd7 6.Qc2 Bd6 7.Bb2 O-O 8.Be2 Re8
9.h3 e5 10.cxd5 cxd5 11.Nb5 Bb8 12.Rc1 e4 13.Nfd4 Ne5 14.O-O Nd3 15.Bxd3 exd3
16.Qxd3 Ne4 17.f4 a5 18.Qc2 Ra6 19.d3 Ng3 20.Rf3 Nf5 21.Nxf5 Bxf5 22.Nd4 Bd7
23.Qc5 Rg6 24.f5 Rd6 25.Rg3 g6 26.Rf3 Qg5 27.Qxa5 gxf5 28.Qd2 Rg6 29.Rcf1 Bd6
30.R1f2 Bg3 31.Rf1 Bd6 32.a3 Re7 33.b4 f6 34.R1f2 Reg7 35.Bc3 Bg3 36.Re2 Bd6
37.Qa2 f4 38.e4 Qh5 39.Qxd5+ Qxd5 40.exd5 Rg5 41.Ne6 Rxd5 42.Nxg7 Kxg7 43.Bd2 Ba4
44.Re1 Bc6 45.Bxf4 Bxf4 46.Rxf4 Rxd3 47.Re7+ Kg6 48.Re6 Rxa3 49.Rexf6+ Kg7
50.Rf7+ Kg6 51.R7f6+ Kg7 52.R6f5 Rb3 53.Rg5+  1-0

[Event "ch-CRC"]
[Site "San Jose CRC"]
[Date "2004.07.13"]
[Round "6"]
[White "Valdes,Le"]
[Black "Charpentier,W"]
[Result "1/2-1/2"]
[WhiteElo "2370"]
[BlackElo "2223"]

1.Nf3 d5 2.c4 c6 3.g3 dxc4 4.Bg2 Nf6 5.O-O Qc7 6.a4 e5 7.Qc2 Na6 8.Qxc4 Be6
9.Qc3 e4 10.Ng5 Bd5 11.d3 Bb4 12.Qc2 Nc5 13.Nc3 Bb3 14.Qb1 exd3 15.exd3 Qd7
16.a5 h6 17.Nge4 Nfxe4 18.dxe4 O-O 19.Be3 Nd3 20.Ne2 c5 21.Nd4 Bc4 22.Nc2 Qb5
23.b3 Be6 24.Nxb4 Nxb4 25.Rc1 b6 26.Bf1 Qd7 27.Rd1 Qe7 28.f4 Rfd8 29.Bf2 Rxd1
30.Qxd1 Rd8 31.Qb1 Bg4 32.axb6 axb6 33.e5 Bf3 34.Qf5 Ba8 35.Qh3 Qb7 36.Bg2 Qxg2+
37.Qxg2 Bxg2 38.Kxg2 Rd3 39.Ra8+ Kh7 40.Ra7 Kg6 41.Rb7 Nd5 42.Kf1 Rd2 43.Ke1 Rd3
44.Kf1 Rxb3 45.Bxc5 Rb1+ 46.Kg2 Rb2+ 47.Bf2 b5 48.Kf3 h5 49.Rd7 Rb3+ 50.Kg2 Nc3
51.Bd4 b4 52.Rb7 Nd5  1/2-1/2

[Event "ch-CRC"]
[Site "San Jose CRC"]
[Date "2004.07.17"]
[Round "9"]
[White "Valdes,Le"]
[Black "Ugalde,R"]
[Result "1-0"]
[WhiteElo "2370"]
[BlackElo "2165"]

1.Nf3 d5 2.c4 e6 3.g3 dxc4 4.Bg2 Nf6 5.Qc2 Nbd7 6.Na3 Be7 7.Nxc4 O-O 8.O-O c6
9.d3 Nb6 10.Bd2 Nfd5 11.a3 Nxc4 12.dxc4 Nf6 13.Rfd1 Qe8 14.Bc3 Nd7 15.e4 f6
16.e5 f5 17.b4 c5 18.Ne1 Rb8 19.Nd3 b5 20.cxb5 Rxb5 21.Nf4 Bg5 22.Nxe6 cxb4
23.Nc7 Qh5 24.Nxb5 bxc3 25.Qxc3 f4 26.Nxa7 fxg3 27.hxg3 Bd8 28.Nxc8 Nxe5
29.Rd5 Bf6 30.Re1 Re8 31.Rdxe5 Rxe5 32.Rxe5 Bxe5 33.Qb3+ Kh8 34.Ne7 Qe8 35.Qe6 Qb8
36.Nc6  1-0

[Event "Accentus Ladies"]
[Site "Biel SUI"]
[Date "2004.07.20"]
[Round "2"]
[White "Radziewicz,I"]
[Black "Repkova,E"]
[Result "1/2-1/2"]
[WhiteElo "2431"]
[BlackElo "2411"]

1.Nf3 d5 2.c4 e6 3.d4 Nf6 4.Nc3 c5 5.cxd5 cxd4 6.Nxd4 Nxd5 7.Bd2 Bc5 8.Nb3 Be7
9.Rc1 Nc6 10.g3 Nxc3 11.Bxc3 Qxd1+ 12.Rxd1 e5 13.Bg2 f6 14.a3 Be6 15.Bd5 Kf7
16.e4 Rad8 17.Ke2 Bxd5 18.Rxd5 Rxd5 19.exd5 Nb8 20.Rd1 Rd8 21.f4 exf4 22.gxf4 Na6
23.Na5 Rd7 24.Nc4 b5 25.Ne3 Bc5 26.Bd4 g6 27.Kd3 Bd6 28.Ke4 Nc5+ 29.Kf3 f5
30.b4 Ne4 31.Ng4 h5 32.Ne5+ Bxe5 33.Bxe5 Rd8 34.Bc7 Rd7 35.Be5 Rd8 36.Bc7 Rd7
37.Be5  1/2-1/2

[Event "MTO"]
[Site "Biel SUI"]
[Date "2004.07.20"]
[Round "2"]
[White "Rustemov,A"]
[Black "Raetsky,A"]
[Result "1/2-1/2"]
[WhiteElo "2589"]
[BlackElo "2399"]

1.Nf3 d5 2.c4 d4 3.g3 Nc6 4.Bg2 e5 5.d3 Nf6 6.O-O Nd7 7.e3 Be7 8.Na3 Nc5
9.exd4 exd4 10.Re1 O-O 11.Ne5 Nxe5 12.Rxe5 Bd6 13.Rd5 c6 14.Rxd4 Qf6 15.Rxd6 Qxd6
16.d4 Ne6 17.d5 Rd8 18.Be3 Qb4 19.Qb3 Qxb3 20.axb3 cxd5 21.Bxd5 Bd7 22.Nc2 Bc6
23.Nb4 Bxd5 24.Nxd5 a6 25.Kf1 Rd6 26.b4 Rad8 27.Ke2 Rxd5 28.cxd5 Rxd5 29.Rc1 Kf8  1/2-1/2

[Event "Open"]
[Site "Balatonlelle HUN"]
[Date "2004.07.22"]
[Round "4"]
[White "Bagonyai,A"]
[Black "Boguszlavszkij,J"]
[Result "1/2-1/2"]
[WhiteElo "2383"]
[BlackElo "2279"]

1.Nf3 d5 2.c4 e6 3.g3 c6 4.Bg2 Bd6 5.b3 Ne7 6.Bb2 O-O 7.d3 f6 8.d4 Bd7 9.Nbd2 f5
10.e3 Be8 11.Ng5 Rf6 12.f4 Nd7 13.Qc2 Nf8 14.Ngf3 Bh5 15.Ne5 Nd7 16.Bf3 Bxf3
17.Ndxf3 Rc8 18.O-O  1/2-1/2

[Event "7th Open"]
[Site "Korinthos GRE"]
[Date "2004.07.24"]
[Round "4"]
[White "Pountzas,H"]
[Black "Kostopoulos,E"]
[Result "1/2-1/2"]
[WhiteElo "2264"]
[BlackElo "2075"]

1.Nf3 d5 2.c4 e6 3.g3 Nf6 4.Bg2 Be7 5.O-O O-O 6.b3 Nbd7 7.Bb2 c5 8.cxd5 exd5
9.d4 b6 10.Nc3 Bb7 11.Rc1 Re8 12.Ne5 cxd4 13.Nxd7 Qxd7 14.Qxd4 Bc5 15.Qd3 Rad8
16.Rcd1 Qe7 17.e3 d4 18.exd4 Rxd4 19.Qb1 Rxd1 20.Qxd1 Bxg2  1/2-1/2

[Event "7th Open"]
[Site "Korinthos GRE"]
[Date "2004.07.25"]
[Round "5"]
[White "Dobrov,V"]
[Black "Svetushkin,D"]
[Result "1/2-1/2"]
[WhiteElo "2495"]
[BlackElo "2546"]

1.Nf3 d5 2.c4 c6 3.e3 Nf6 4.Qc2 a6 5.h3 Nbd7 6.b3 e5 7.Bb2 Bd6 8.Nc3 Qe7
9.Be2 b5 10.g4 h6 11.Rg1 Bb7 12.h4 g6 13.g5 hxg5 14.hxg5 Ng8 15.d3 Ba3 16.Rc1 Bd6
17.Qb1 Rh5 18.Kf1 Kf8 19.cxd5 cxd5 20.e4 d4 21.Nd5 Qd8 22.Nxd4 Rxg5 23.Rxg5 Qxg5
24.Nf3 Qh5 25.Ng1 Qh2 26.d4 Bxd5 27.exd5 Re8 28.dxe5 Nxe5 29.Rc3 Nf6 30.Rh3 Qf4
31.Rh8+ Ke7 32.Rxe8+ Kxe8 33.Qc1 Ne4 34.Qc8+ Ke7 35.Qb7+ Kf8 36.Qc8+ Ke7
37.Qb7+ Nd7 38.Nf3 Bc5 39.Be5 Qf5 40.d6+ Ke6 41.Bd4 Qh3+ 42.Kg1 Qg4+ 43.Kf1 Nxd6
44.Qxd7+ Kxd7 45.Ne5+ Kc7 46.Bxg4 Bxd4 47.Nd3 Ne4 48.Ke1 a5 49.Bf3 Nc3 50.a3 Kd6
51.Nc1 Bc5 52.b4 axb4 53.axb4 Bxb4 54.Nb3 Ke5 55.Bc6 f5 56.Kd2 Ne4+ 57.Ke2 g5
58.f3 Nd6 59.Kd3 Be1 60.Nd4 b4 61.Bd7 Kf4 62.Ne6+ Kxf3 63.Nxg5+ Kg4 64.Ne6 b3
65.Nc5 b2 66.Kc2 Bc3 67.Na4 Be5  1/2-1/2

[Event "Summer Open"]
[Site "Pirot SCG"]
[Date "2004.07.26"]
[Round "2"]
[White "Vojinovic,G"]
[Black "Grkovic,V"]
[Result "1-0"]
[WhiteElo "2432"]
[BlackElo "2146"]

1.Nf3 d5 2.c4 d4 3.c5 Nc6 4.Qa4 Qd5 5.b4 Bg4 6.Bb2 e5 7.e3 O-O-O 8.Be2 a6
9.d3 f5 10.Nbd2 Nf6 11.e4 Qf7 12.h3 Bxf3 13.Bxf3 fxe4 14.Nxe4 Nd5 15.a3 h5
16.Qb3 Qd7 17.Bc1 Be7 18.Bd2 Nf4 19.g3 Qe6 20.Qc2 Nd5 21.h4 Nc3 22.Nxc3 dxc3
23.Bxc3 Kb8 24.Rb1 Nd4 25.Bxd4 Rxd4 26.b5 a5 27.b6 c6 28.Qc3 Ra4 29.Bd1 Qd5
30.O-O Rd4 31.Qxa5 Rh6 32.Qa7+ Kc8 33.Qa8+ Kd7 34.Qxb7+ Ke8 35.Qc8+ Bd8 36.b7  1-0

[Event "Open Dutch Champ"]
[Site "Dieren NED"]
[Date "2004.07.28"]
[Round "2"]
[White "De Wit,T"]
[Black "Wilschut,P"]
[Result "1-0"]
[WhiteElo "2201"]
[BlackElo "2133"]

1.Nf3 d5 2.c4 c6 3.b3 Nf6 4.Bb2 Bf5 5.g3 e6 6.Bg2 Be7 7.O-O h6 8.d3 O-O 9.Nbd2 a5
10.Qc2 Na6 11.a3 Bh7 12.Ne5 Nc5 13.Qc3 Qd6 14.f3 Rfd8 15.d4 Ncd7 16.c5 Qc7
17.f4 Bf8 18.g4 Nxe5 19.fxe5 Ne4 20.Bxe4 dxe4 21.Nc4 Be7 22.Bc1 Rf8 23.Bf4 Qd8
24.Qe3 Rb8 25.Qd2 Ra8 26.e3 Ra6 27.Ra2 Bg6 28.Rb2 Qc7 29.Rfb1 Rfa8 30.Qf2 Qd8
31.Qe2 Bg5 32.Bg3 Qe7 33.Qf2 Qc7 34.h4 Be7 35.h5 Bh7 36.Bf4 Qd8 37.Qe2 Bg5
38.Bxg5 Qxg5 39.Qg2 Rf8 40.Rf1 Raa8 41.Rbf2 f6 42.Rf4 f5 43.gxf5 Qxh5 44.fxe6 Rxf4
45.Rxf4 Re8 46.Qg4 Qxg4+ 47.Rxg4 Rxe6 48.Nxa5 Re7 49.b4 Bf5 50.Rf4 Be6 51.a4 h5
52.b5 Bd5 53.Rf5 cxb5 54.axb5 Re6 55.b6 h4 56.Kh2 Rg6 57.e6 Bxe6 58.Re5 h3
59.Rxe6 Rxe6 60.c6  1-0